000
00276nam a22001217a 4500
999
_c
534143
_d
534143
040
_c
dlc
082
_a
891.4394
100
_a
Muhammad Kazim
_9
28289
245
_a
Hadein aur Batein
260
_a
Lahore
_b
Sang-e-Meel Publication
_c
c2010
300
_a
199;p
942
_2
ddc
_c
BK